000 00511nam a2200181Ia 4500
008 100920s9999 xx 000 0 und d
082 _b65646
_a891.464 थ 94
100 _aप्रभावळकर दिलीप.
245 _aझूम.
260 _bप्रभात प्रकाशन, मुंबई.
_c1994
300 _a128
_bसाधी
365 _b90
520 _aनिबंध.
630 _aझूम.
650 _aनिबंध.
730 _aझूम.
942 _cBOOK
999 _c708379
_d708376